000 00893nam a2200241 a 4500
001 000013351
005 20240530073931.0
008 091123s1977 dr 001 0 spa d
040 _aDO-SdBNP
_bspa
_cBNPHU
082 _aRD864.44
_bC352a
100 1 _aCastillo Rodríguez-Objío, Luis Conrado del,
_930553
245 1 0 _aAlgunos de sus escritos y discursos /
_cLuis C. Castillo Rodríguez-Objío.
260 _aSanto Domingo :
_bAlfa y Omega,
_c1977.
300 _a229 p. ;
_c22 cm.
500 _aIncluye bibliografía y notas al pie de páginas.
590 _aLa biblioteca posee 2 ejemplares autografiados.
650 0 _aEnsayos dominicanos
_965
650 4 _aDiscursos
_96584
651 4 _aRepública Dominicana
_xHistoria
_xEnsayos, Conferencias, Etc.
_97095
651 4 _aRepública Dominicana
_xVida Intelectual
_918809
910 _aValidado. Control de calidad EMS
049 _aBNPD
999 _c12979
_d12979